| 000 | 00643nam a2200205 u 4500 | ||
|---|---|---|---|
| 005 | 20240806063821.0 | ||
| 008 | 100527s2006 r 000 0 eng d | ||
| 020 | _a9707703008 | ||
| 035 | _aUPN01000176185 | ||
| 049 | _aCG | ||
| 050 | 4 |
_aPZ78 _bC7.45 |
|
| 245 | 0 | 0 |
_aCrimen y misterio : _bantología de relatos de suspenso / _cThomas Hardy ... [et al.]. ; pról. Pablo de Santis. |
| 260 |
_aMéxico : _bAlfaguara, _c2006. |
||
| 300 | _a139 p. | ||
| 440 | 0 |
_aAntología. _pRoja |
|
| 650 | 0 |
_aCuentos policíacos y de misterio _92405 |
|
| 650 | 4 |
_aLiteratura juvenil _95153 |
|
| 700 | 1 |
_aHardy, Thomas, _d1840-1928, _ecoaut. |
|
| 905 | _aLibro | ||
| 999 |
_c148288 _d148288 |
||